000 00729nam a2200229 i 4500
001 bgj
245 1 0 _aLiteratur der Deutschen Demokratischen Republik :
_bEinzeldarstellungen.
_cvon einen Autorenkollektiv unter Leitung von Hans Jürgen Geerdts und Mitarbeit von Hannelore Prosche
_nBd. 3 /
260 _aBerlin :
_bVolk und Wissen Volkseigner Verlag Berlin,
_c1987.
300 _a643, [16] s. :
_bil. ;
_c20 cm.
504 _aBibliogr.
650 9 _aLiteratura
700 1 _aGEERDTS, Hans Jürgen.
700 1 _aPROSCHE, Hannelore.
020 _a3061025413
040 _cBPK
041 0 _ager
044 _aDEU
080 _a82
920 _a3-06-102541-3
942 _cKS
008 s gw f |000 0 ger
999 _c49546
_d49546
856 _uhttp://koha.tu.koszalin.pl/cgi-bin/koha/opac-detail.pl?biblionumber=49546
_yKatalog online BPK